湖北各地级行政区人均GDP排行 Per capita GDP ranking of cities in Hubei - Statistics

General Stats
  • This quiz has been taken 52 times
  • The average score is 10 of 13
Answer Stats
排名 地市 人均GDP/元 % Correct
2 武汉 137772
100%
1 宜昌 140552
98%
3 鄂州 118133
98%
4 襄阳 110510
90%
5 荆门 86407
83%
7 十堰 72882
80%
6 黄石 83526
75%
11 荆州 58577
63%
12 黄冈 47466
60%
8 咸宁 71732
58%
9 孝感 66299
55%
10 随州 65956
55%
13 恩施 41248
55%
No matching quizzes found
Score Distribution
Percent of People with Each Score
Percentile by Number Answered
Your Score History
You have not taken this quiz